[Event "Maribor Pirc Memorial"]
[Site "Maribor"]
[Date "1996.??.??"]
[Round "?"]
[White "Beliavsky, Alexander G"]
[Black "Razuvaev, Yuri S"]
[Result "1/2-1/2"]
[WhiteElo "2615"]
[BlackElo "2580"]
[Annotator "Ribli,Z"]
[PlyCount "137"]
[EventDate "1996.05.??"]
[EventType "tourn"]
[EventRounds "11"]
[EventCountry "SLO"]
[EventCategory "10"]
[SourceTitle "CBM 055"]
[Source "ChessBase"]
[SourceDate "1996.12.01"]
[SourceVersion "1"]
[SourceVersionDate "1996.12.01"]
[SourceQuality "1"]

1. Nf3 Nf6 2. c4 b6 3. g3 Bb7 4. Bg2 e6 5. O-O Be7 6. Nc3 O-O 7. b3 (7. Re1 $5
d5 (7... Ne4 $5) 8. cxd5 Nxd5 9. e4 $5 (9. Nxd5 exd5 10. d4 Nd7 11. Qa4 c5 12.
Rd1 a6 13. dxc5 Nxc5 14. Qg4 Qc8 15. Qh5 Qe6 $13 {Akopian,V-Gulko,B,Erevan,
1996,CBM53.}) 9... Nxc3 10. bxc3 c5 11. d4 Nd7 12. Bf4 $14 {Anand,V-Tiviakov,S,
Wijk,1996,CBM51,}) 7... d5 8. cxd5 Nxd5 9. Nxd5 Bxd5 10. d4 Be4 $10 {Ribli.
Schwarze Kontrolle ueber das Feld e4 garantiert gleiche Chancen.} 11. Bb2 Nd7
12. Qd2 Qc8 13. Rac1 Qb7 14. Bh3 {Ribli.Der stets originelle Beljavsky spielt
ohne Schablonen. Aber trotzdem denke ich, dass 14.Rfd1 prinzipiell besser ist.}
(14. Rfd1 Rad8 15. Qf4 Bd6 $10) 14... Bxf3 15. exf3 Nf6 16. f4 Nd5 (16... g6 $5
17. Bg2 Nd5) 17. f5 exf5 18. Bxf5 c6 (18... Rae8 $2 19. Bd7) (18... Rfe8 $2 19.
Bd7) (18... Rfd8 19. Qc2 g6 20. Be4) 19. a3 g6 20. Bh3 Rfd8 {Ribli. Der starke
schwarze Springer auf d5 garantiert gleiche Chancen. Ich bemerke auch,dass der
Laufer auf b2 nicht lebt.} 21. Rc2 Rd6 22. Re1 Bf6 23. Qc1 Rf8 24. Rce2 a5 25.
Qc4 Qb8 26. Bc1 Qd8 27. Bg2 (27. Re4 Bg7 28. Bg2 Qd7) 27... Qd7 28. h4 h5 29.
Re4 Rd8 30. Kh2 Ne7 $15 {Ribli. Weiss hat eine dauerhafte Schwaeche -isoliert
auf d4 -. Jetzt muss der vorher etwas besser stehende Weisse ums Remis
kaempfen.} 31. Qc2 Nf5 32. Bh3 Rxd4 33. Rf4 (33. Rxd4 Nxd4 $17) 33... Rxf4 34.
Bxf4 Nd4 35. Bxd7 Nxc2 36. Re8+ Rxe8 37. Bxe8 $17 Nxa3 38. Bxc6 Nc2 39. Bc7 Bd4
40. Kg2 Bc5 {Ribli. Weiss muss ein Endspiel mit ungleichfarbigen Laeufern
anstreben. In diesem Fall ist die Partie Remis, aber Schwarz laesst das
natuerlich nicht zu.} 41. Be4 {[#]} Nd4 42. Bd5 Kf8 43. Be5 Nf5 44. Bc4 Ke7 45.
Bf4 Nd4 46. Be5 Ne6 47. Kf1 Bd6 48. Bc3 Nc7 49. Bd3 Bc5 50. Be5 Bd6 51. Bc3 (
51. Bxd6+ $2 Kxd6 $19) 51... Nd5 52. Bb2 Bc5 53. Bc1 Kd6 54. Bb5 Bd4 55. Be8
Ke7 56. Bc6 Nc7 57. Bf4 Ne6 {Ribli. Das ist der sogenannte Manoeverkampf um
kleine Vorteile ohne klares Ziel.} 58. Bc1 f5 59. Kg2 Kf6 60. Bb5 {Ribli. Zu
seinem Nachteil hat Schwarz auch einige Schwaechen am Koenigsfluegel.} Nc5 61.
Bc4 b5 62. Bg5+ Kg7 63. Bxb5 Nxb3 64. Bd8 Bc3 65. Bb6 Nd2 66. f3 Nb3 67. Be3 {
Ribli.Und endlich hat Schwarz keine Gewinnchancen mehr.} Nd4 $10 68. Bxd4+ Bxd4
69. Be8 {Ribli} 1/2-1/2

[Event "Yerevan"]
[Site "Yerevan"]
[Date "1996.??.??"]
[Round "7"]
[White "Akopian, Vladimir Eduardovic"]
[Black "Gulko, Boris F"]
[Result "1/2-1/2"]
[WhiteElo "2620"]
[BlackElo "2615"]
[Annotator "Ribli,Z"]
[PlyCount "73"]
[EventDate "1996.04.??"]
[EventType "tourn"]
[EventRounds "11"]
[EventCountry "ARM"]
[EventCategory "15"]
[SourceTitle "CBM 053"]
[Source "ChessBase"]
[SourceDate "1996.08.01"]
[SourceVersion "1"]
[SourceVersionDate "1996.08.01"]
[SourceQuality "1"]

1. Nf3 Nf6 2. g3 b6 3. Bg2 Bb7 4. O-O e6 5. c4 Be7 6. Nc3 O-O 7. Re1 d5 (7...
Ne4 8. Nxe4 Bxe4 9. d3 Bb7 10. e4 c5 11. d4 d6 12. b3 Nd7 13. Bb2 a6 14. Qd2
Qc7 $13 {Tregubov,P-Stefansson,H/Linares op/1996/EXP51/}) 8. cxd5 Nxd5 (8...
exd5 9. d4 {siehe E17}) 9. Nxd5 (9. e4 $5 Nxc3 10. bxc3 c5 11. d4 {siehe A30
auch} Nd7 $5 12. Bf4 $36 {Anand,V-Tiviakov,S/Wijk/1996/CBM51/INF65,34/}) (9. d4
Nxc3 10. bxc3 Be4 $5 11. Ne5 (11. Bf1 c5 12. Nd2 Bb7 13. Nb3 $13 {Vaganian,
R-Rosentalis,E/Philadelpia World op/1994/}) 11... Bxg2 12. Kxg2 c5 13. e4 Bf6
14. Nf3 cxd4 15. cxd4 Nc6 16. Be3 Qd7 $10 {Eriksson,Mag-Rosentalis,E/Malmo/
1993/}) 9... exd5 {Schwarz hat keine Angst vor der Schwaechung des d5 Bauern,
weil Karpov auch so spielte.} (9... Bxd5 10. e4 Bb7 11. d4 c5 12. d5 exd5 13.
exd5 Nd7 14. Bf4 $36 {Verduga,D-Gutierrez,JA/Bayamo/1989/}) 10. d4 Nd7 11. Qa4
$5 $146 (11. Bf4 c5 12. dxc5 bxc5 13. Nd2 a5 $1 14. Rc1 Ra7 15. Nb1 Nb6 16. b3
d4 $10 {Portisch,L-Karpov,An/Milano/1975/INF20,33/}) 11... c5 12. Rd1 {Ein
Tempoverlust, aber fuer Weiss ist noch nicht klar, wohin er seinen c1-Laeufer
entwickeln wird. Klar ist hingegen, daß er Druck auf den d5-Bauern ausüben
will.} a6 13. dxc5 Nxc5 (13... bxc5 14. Nh4 $36 {>< d5 ><f5}) 14. Qg4 Qc8 15.
Qh5 Qe6 16. Bg5 $5 (16. Nd4 Qg6 17. Qxg6 hxg6 $10) 16... Rfe8 17. Bxe7 Qxe7 18.
Nd4 {[#] Der Anziehende hat einen unbedauetenden Vorteil: Der schwarze
d5-Bauern ist schwach, aber fuer mich ist nicht klar was die weisse Dame auf
h5 sucht.} g6 19. Qf3 Ne4 20. Rac1 Rac8 {Droht /\ Qb4} 21. Qf4 Rc5 $5 {Schwarz
will die c-Linie besetzen.} (21... Qb4 22. Rc7 $1 Rxc7 23. Qxc7 Ba8 24. Qc2 $14
) 22. h4 Rec8 23. Nb3 (23. h5 Qf6 $13) 23... Rc4 {Weiss fuehlt sich in dieser
Stellung schon unbequem und will mit dem folgenden Abtauschmanoever in den
Remishafen segeln.} 24. Bxe4 Qxe4 (24... Rxe4 $6 25. Rxc8+ Bxc8 26. Qb8 Qb7 27.
Qxb7 Bxb7 28. Nd4 $14) 25. Qxe4 dxe4 26. Kf1 Rxc1 27. Rxc1 Rxc1+ 28. Nxc1 Kg7
29. Ke1 Kf6 30. Kd2 Ke5 31. e3 f6 32. Ne2 Bc6 33. Nd4 Bd7 34. Kc3 Kd5 35. Nc2
Kc5 36. b3 g5 37. Nd4 {Ribli} 1/2-1/2

[Event "Capablanca Memorial Elite 31st"]
[Site "Cienfuegos"]
[Date "1996.??.??"]
[Round "5"]
[White "Nogueiras Santiago, Jesus"]
[Black "Garcia Ilundain, David"]
[Result "1-0"]
[WhiteElo "2555"]
[BlackElo "2550"]
[Annotator "Ribli,Z"]
[PlyCount "53"]
[EventDate "1996.05.??"]
[EventType "tourn"]
[EventRounds "13"]
[EventCountry "CUB"]
[EventCategory "12"]
[SourceTitle "CBM 054"]
[Source "ChessBase"]
[SourceDate "1996.10.01"]
[SourceVersion "1"]
[SourceVersionDate "1996.10.01"]
[SourceQuality "1"]

1. Nf3 {Kanstler} Nf6 2. c4 e6 3. Nc3 Bb4 4. g3 b6 (4... O-O $5 5. Bg2 d5) 5.
Bg2 Bb7 6. O-O O-O 7. d3 Bxc3 $5 (7... d5 $6 8. cxd5 exd5 9. Bf4 Re8 $6 (9...
a6 $5 10. Rc1 Bd6 {Seirawan/}) 10. Nb5 $1 $36 {Kramnik,V-Gulko,B/Horgen/1995/
CBM50/INF65,12/} (10. Nb5 $1 {Kanstler} Na6 11. Rc1 c6 12. Nbd4 Bc5 13. a3 Nh5
(13... Bxd4 14. Nxd4 c5 15. Nf5 $36) 14. Bd2 Qd7 15. e3 $1 Nf6 16. Bc3 Nc7 $2 (
16... Bd6 17. b4 c5 18. bxc5 Nxc5 19. Nb3 Qe7 20. Nfd4 $14) (16... Bf8 $5 $14)
17. b4 $16 {Kramnik,V-Gulko,B/Horgen/1995/1:0/26/})) 8. bxc3 d6 9. e4 Nbd7 (
9... c5 $5 10. Nh4 (10. Ne1 Ne8 11. Qe2 Nc7 12. f4 f5 13. Nc2 Nc6 14. Bd2 Qd7
15. Rae1 Rae8 $13 {Tsesarsky,I-Razuvaev,Y/EUCup Eupen/1994/}) 10... Nc6 (10...
Ne8 $5) 11. f4 Ne8 12. f5 $40 {Ribli,Z-Razuvaev,Y/BL 9192/INF54,15/}) (9...
Nfd7 $5 {Kanstler} 10. Nh4 Nc6 11. f4 Ne7 12. Nf3 (12. f5 exf5 13. Nxf5 Nxf5
14. Rxf5 Ne5 15. Be3 Bc8 16. Rf4 Be6 $10) 12... Nc5 13. Be3 Qd7 14. Re1 Rae8
15. Bf2 f5 16. e5 d5 17. Bxc5 bxc5 18. Qb3 Rb8 $6 (18... Bc6 $5 19. Qa3 d4 $13)
19. Qb5 $1 $14 {Gelfand,B-Adams,M/Wijk aan Zee/1996/0,5/43/}) 10. Nd4 {N/} (10.
a4 h6 11. Nd4 c5 12. Nc2 Ne8 13. Ne3 f5 14. f3 Nc7 15. a5 $36 {Kramnik,
V-Horvath,T/BL 9596/}) (10. Ne1 a6 11. g4 Ne8 12. g5 c5 13. a4 e5 14. Nc2 Nc7
15. Qg4 $13 {Ftacnik,L-Sokolov,I/Pardubice/1994/CBM42/}) 10... c5 11. Nc2 $14 {
Weiss hat das Läuferpaar und Überlegenheit im Zentrum.} d5 $2 {Das ist mit
Sicherheit nicht gut. 11...Ne8 kommt in Betracht.} (11... Ne8 {Kanstler} 12.
Ne3 f5 13. f3 $14) 12. exd5 exd5 13. Ne3 Ne5 14. d4 cxd4 15. cxd4 Ng6 16. Ba3
Re8 17. Nf5 $16 {Die schwarze Stellung ist unbequem, es droht Sd6.} Re6 (17...
Ne4 {Kanstler} 18. f3 Nf6 19. Nd6 Re7 20. c5 $16) (17... Ba6 {Kanstler} 18. Nd6
Re6 (18... Bxc4 19. Nxe8 (19. Nxc4 dxc4 20. Bxa8 Qxa8 $44) 19... Qxe8 20. Re1
Qd7 $44) 19. Qa4 Rxd6 20. Bxd6 (20. Qxa6 Rd7 21. c5 $16) 20... Bxc4 21. Rfc1
Qxd6 (21... b5 22. Qa6 b4 $2 23. Rxc4 $18) 22. Rxc4 dxc4 23. Bxa8 Qxd4 24. Rd1
$16) 18. c5 Ne4 (18... Ba6 $5 19. Re1 Rxe1+ 20. Qxe1 Qd7 $16) (18... bxc5 {
Kanstler} 19. dxc5 (19. Bxc5 Ne4 $132) 19... Qa5 20. Qb3 (20. Bb2 Qxc5 21. Bd4
$44) 20... Ba6 21. Rfc1 Rae8 22. Bb4 $14) 19. Nd6 Nxd6 20. cxd6 Re8 (20... Rxd6
{Kanstler} 21. Bxd6 Qxd6 $14) 21. Re1 Rxe1+ (21... Qd7) 22. Qxe1 Qd7 23. Rc1
Re8 (23... Rc8 24. Rxc8+ Qxc8 25. Bh3 $1) 24. Qd1 Qb5 (24... Bc6) 25. Bf1 Qa5
26. Qb3 Qd2 27. d7 {Die schwarze Stellung ist hoffnungslos, es droht Rc1-c7.}
1-0

[Event "Yopal"]
[Site "Yopal"]
[Date "1997.06.21"]
[Round "2"]
[White "Milos, Gilberto"]
[Black "Garcia, Gildardo"]
[Result "1-0"]
[WhiteElo "2605"]
[BlackElo "2485"]
[Annotator "Ribli,Z"]
[PlyCount "73"]
[EventDate "1997.06.20"]
[EventType "tourn"]
[EventRounds "9"]
[EventCountry "COL"]
[EventCategory "12"]
[SourceTitle "CBM 060"]
[Source "ChessBase"]
[SourceDate "1997.09.29"]
[SourceVersion "1"]
[SourceVersionDate "1997.09.29"]
[SourceQuality "1"]

1. c4 Nf6 2. Nc3 e6 3. Nf3 Bb4 4. Qc2 b6 5. a3 Bxc3 6. Qxc3 Bb7 7. b4 d6 (7...
a5 8. Bb2 axb4 9. axb4 Rxa1+ 10. Bxa1 O-O 11. g3 c5 12. bxc5 bxc5 13. Qb3 Bxf3
14. Qxf3 Qb6 {1/2-1/2 Karpov,A-Nikolic,P/Amber-rapid6th 1997 (54)}) 8. Bb2 Nbd7
9. e3 O-O (9... a5 10. Be2 O-O 11. O-O e5 12. d4 Ne4 13. Qc2 Ng5 14. Nd2 f5 15.
c5 {1-0 Akesson,R-Arnason,T/Reykjavik op 1988 (30)}) 10. Be2 c5 (10... e5 $5) (
10... a5 $5) 11. O-O $14 {Weiß hat das Läuferpaar und Druck auf der Diagonalen
a1-h8. Aber Schwarz hat keine Schwächen und eine verteidigungsfähige Stellung.
Prinzipiell muß Schwarz die Stellung geschlossen halten, und Weiß soll sie,
wenn möglich, öffnen.} (11. d3 Rc8 12. b5 e5 13. O-O Re8 14. Nd2 Nf8 15. a4 Ng6
16. a5 Rc7 17. a6 Bc8 18. Bf3 d5 {0-1 Welin,T-Lein,A/Reykjavik op 1986 (44)})
11... Rc8 (11... a5 12. d3 Qe7 13. Nd2 Rfc8 14. Rfb1 e5 15. bxc5 bxc5 16. Bf3
Bxf3 17. Nxf3 Qe6 18. e4 Rcb8 19. Bc1 {Ree,H-Kremer,M/Amsterdam OHRA-B 1986/
1-0 (59)}) 12. Rfd1 $5 Qe7 (12... d5 $5) 13. d4 {Üblich ist 13d3. Nach der
Partiefortsetzung verfügt Schwarz über das gute Springerfeld e4.} Ne4 (13... d5
14. dxc5 bxc5 15. b5) 14. Qb3 Rc7 (14... Ng5 15. Ne1 (15. Nd2)) (14... f5) 15.
dxc5 bxc5 (15... dxc5 {[%cal Gb2g7]}) 16. Nd2 f5 $6 {Dieser Zug gefällt mir
nicht. Schwarz öffnet die Stellung, was vorteilhaft nur für Weiß ist, da zwei
Läufer hat.} (16... Nxd2 17. Rxd2 d5 $5 {Nach meiner Meinung steht diese ganze
Variante immer auf der Grenze zwischen Gleichgewichts und kleinem weißen
Vorteil.}) 17. Nxe4 fxe4 {Wenn er schon 16...f5 gespielt hat, ist dieses
Zurückschlagen logisch, aber nach meiner Meinung war die andere Moeglichkeit
genauer. Nach dem Partiezug hat der Läufer hat keine Zukunft.} 18. Rd2 {
Bereitet die Turmverdoppelung vor und hält den Punkt f2.} d5 19. Rad1 Nb6 (
19... Qf7 20. Bg4 Nf6 21. Bh3 {[%csl Gb2,Gd1,Gd2,Gh3][%cal Gb2f6,Gh3e6]}) 20.
Be5 {[%csl Ge5]} Rcc8 21. bxc5 Qxc5 (21... Rxc5) 22. cxd5 exd5 (22... Bxd5 {
Das ist auch nicht schön wegen des Doppelbauern, aber mindestens lebt der
Läufer noch.}) 23. Bd4 {[%csl Rb7,Gd4]} Qc7 24. Bg4 $16 {Weiß hat zwei sehr
gut platzierte Läufer, und Schwarz hat kein Gegenspiel.} Rce8 25. Rb2 {[%cal
Rb2b7]} Re7 26. Bxb6 axb6 27. Qxb6 {Weiß hat einen Bauern mehr, und was noch
wichtiger ist, der gegnerische Läufer auf b7 steht schlecht. Im Endspiel wird
der entfernte weiße a-Bauer sehr gefährlich werden.} Qe5 28. Qd4 Qg5 {Mit den
Damen auf dem Brett hat Schwarz gewisse Gegenchancen, aber bei gutem Spiel muß
Weiß gewinnen.} (28... Qxd4 29. Rxd4 $16) 29. Bh3 h6 30. g3 {Weiß verbessert
seine Läuferstellung - mit nachfolgendem Bf1 - und die Felderschwäche f3 hat
keine Bedeutung.} Kh8 31. Bf1 Bc6 32. Rb6 Rf6 33. Rc1 Qf5 {Das ist die erste
schwarze Drohung in dieser Partie, aber Weiß kann sich leicht verteidigen.} 34.
Rc2 Ref7 35. a4 $18 {Dieser Freibauer entscheidet die Partie. Schwarz ist
völlig hilflos.} (35. Rbxc6 $4 Rxc6 36. Rxc6 Qxf2+ $19) 35... Qd7 36. a5 Qa7
37. Ra2 (37. Rbxc6 $18 {Dieser einfache Zug gewinnt auch.}) 1-0

[Event "St Petersburg-ch"]
[Site "St Petersburg"]
[Date "1998.04.20"]
[Round "13"]
[White "Taimanov, Mark E"]
[Black "Yemelin, Vasily"]
[Result "0-1"]
[WhiteElo "2490"]
[BlackElo "2485"]
[Annotator "Ribli,Z"]
[PlyCount "94"]
[EventDate "1998.04.07"]
[EventType "tourn"]
[EventRounds "13"]
[EventCountry "RUS"]
[EventCategory "10"]
[SourceTitle "CBM 065"]
[Source "ChessBase"]
[SourceDate "1998.08.06"]
[SourceVersion "1"]
[SourceVersionDate "1998.08.06"]
[SourceQuality "1"]

1. Nf3 Nf6 2. c4 e6 3. Nc3 Bb4 4. g3 O-O 5. Bg2 d5 6. a3 (6. d4 {Auf diese
Weise kann Weiß die g3-Variante der Nimzoindischen Verteidigung wählen, aber
nach 6...dxc4 7.0-0 Nc6 hat Schwarz keine Probleme. Ribli.}) 6... Bxc3 7. dxc3
(7. bxc3 c5 8. O-O Nc6 9. cxd5 exd5 10. d3 h6 11. Qc2 Re8 12. h3 b6 13. Re1 Bb7
14. Bf4 Qe7 15. g4 $13 {Mikhalchishin,A-Kohlweyer,B Groningen op 1990 CBM/22})
7... Nbd7 (7... dxc4 $6 8. Qxd8 Rxd8 9. Ne5 {[%csl Gg2]} Nbd7 10. Nxc4 Nb6 11.
Na5 {[%csl Ga5,Rb7]} Rb8 12. O-O Ne8 13. Be3 f6 14. Rfd1 Rxd1+ 15. Rxd1 Kf7 16.
Rd8 Ke7 17. Nxb7) 8. cxd5 exd5 9. O-O {Weiß besitzt das Läuferpaar, aber
Schwarz hat eine gute Zentrumsstellung und nach folgendem ...c7-c6 wird der
weiße Läufer auf g2 in seiner Aktivität eingeschränkt.} Re8 $5 (9... c6 10. Qc2
Nb6 (10... Re8 $5) 11. a4 Re8 12. b3 Bg4 13. a5 Nbd7 14. a6 b6 15. c4 Ne5 16.
Bb2 Nxf3+ 17. exf3 Be6 18. f4 {1/2-1/2 Adorjan,A-Romanishin,O/Rubinstein mem
1991 (26)}) (9... Nb6 $6 10. a4 $1 c6 11. b3 Bf5 12. a5 Nbd7 13. c4 Be4 14. Bb2
Re8 15. Qd2 dxc4 16. bxc4 Qe7 17. Rfd1 c5 18. Qf4 Bc6 19. Bf1 $1 Nf8 20. Ne5
Be4 21. Ng4 Nxg4 22. Qxg4 $14 {Gurevich,M-Makarov,M/Helsinki op 1992/1/2-1/2 
(83)}) 10. Bf4 (10. Qc2 Qe7 $5 (10... Nc5 11. c4 (11. Bg5 Nce4 12. Bxf6 Nxf6
13. c4 $10 {Adorjan,A-Romanishin,O Polanica Zdroj 1992 CBM/31}) 11... dxc4 12.
Qxc4 Qe7 13. b4 {1/2-1/2 Ribli,Z-Timman,J/OHRA 1986}) (10... c6 11. c4 dxc4 12.
Qxc4 Qe7 13. Re1 Ne5 14. Nxe5 Qxe5 15. e4 Qh5 16. f3 Bh3 17. Be3 Bxg2 18. Kxg2
Nd7 19. Bd4 Nf8 20. Rad1 Ne6 21. Be3 Rad8 22. Qe2 b6 23. Rxd8 Rxd8 24. Rd1 Rxd1
25. Qxd1 Qb5 26. Qd2 c5 27. Kf2 h6 28. f4 Qc4 29. Kf3 Qf1+ 30. Qf2 Qd3 31. e5
Nd4+ 32. Kg2 Qe4+ 33. Kh3 Nf5 34. Bc1 h5 35. Qf1 Qc2 {Kalinitschew,
S-Romanishin,O/BL2-N 1993/0-1 (53)}) 11. Bf4 c6 12. Rfe1 Ne4 13. Nd2 Ndf6 14.
Nxe4 Nxe4 15. Bxe4 Qxe4 16. Qxe4 Rxe4 17. Rad1 f6 18. f3 Re8 19. e4 dxe4 20.
Rxe4 Bf5 21. Rxe8+ Rxe8 22. Kf2 Kf7 {1/2-1/2 Greenfeld,A-Romanishin,O/EU-chT
1992}) 10... Nc5 $11 {[%csl Ye4][%cal Yf6e4,Yc5e4] Das weiße Läuferpaar ist
nicht von großer Bedeutung, während Schwarz starke Kontrolle über das
Zentrumsfeld e4 ausübt.} (10... c6 11. Qc2 Nb6 (11... Qe7 $5) 12. a4 Nc4 13.
Nd4 Bg4 14. b3 Nd6 15. Rfe1 Bh5 16. Rad1 Bg6 17. Qc1 Nde4 18. f3 Nc5 19. Be3
Qe7 20. Bf2 Ne6 21. c4 h6 22. cxd5 cxd5 23. Qb2 a6 24. Rc1 Rac8 25. Bf1 Nd7 26.
Rxc8 Rxc8 27. Rc1 Rxc1 28. Qxc1 Ndc5 29. Qc3 Kh7 30. a5 Qd8 31. b4 Nxd4 32.
Bxd4 Ne6 33. Bh3 Qe7 34. Kf2 f6 35. Bc5 {Eingorn,V-Popovic,P/Bor 1985/1-0 (57)}
) 11. Bg5 (11. Qc2 $5 {Und Weiß bereitet 12.c4 oder 12.Rad1 nebst 13.c4 vor.})
(11. Rc1 $5) 11... c6 {[%csl Rg2] Schwarz verstärkt seine Zentrumsstellung und
beschränkt die Aktivität des Läufers auf g2.} 12. Re1 $6 {Ein passiver Zug
ohne besonderen Sinn.} (12. Qc2 $5 $11) 12... Nce4 13. Bxf6 Nxf6 {Schwarz
steht dank seines Übergewichts im Zentrum etwas aktiver, aber Weiß hat eine
sehr massive Stellung.} 14. Qc2 Qb6 {[%csl Gb6,Ye4,Ge8,Gf6]} 15. e3 Ne4 $15 16.
Nd4 {Es ist schwierig für Weiß aktives Gegenspiel zu organisieren. Der Textzug
soll Schwarz zu 16...c5 provozieren.} (16. Nd2 Nd6 (16... Nxd2 17. Qxd2 $11) (
16... Bf5 17. Nxe4 Bxe4 18. Bxe4 Rxe4 $15 {Das reduzierte Material bietet dem
Weißen gute Remischancen.}) 17. e4 dxe4 18. Nxe4 Bf5 $15 {[%csl Rb2,Rc2,Gd6,
Re4,Gf5][%cal Gf5c2]}) 16... c5 17. Nf3 Bf5 {[%csl Rc2][%cal Gf5c2,Re4g3] Die
weiße Dame steht unangenehm.} 18. Nh4 Bd7 19. c4 $6 {Es wäre meines Erachtens
besser für Weiß, die Stellung geschlossen zu halten.} (19. Rad1 Bc6 20. Nf3
Rad8 $15) 19... Bc6 20. b3 (20. cxd5 Bxd5 $15 {[%csl Yb3]}) 20... dxc4 21. bxc4
(21. Qxc4 Nd2 $17 {[%cal Rd2b3,Rd2c4]}) 21... g6 {[%csl Rh4] Ein starker
Abwartezug. Der Springer steht jetzt schlecht auf h4.} 22. Nf3 Qa5 {[%csl Ga5,
Yc3][%cal Ga5a3,Ga5e1] Die schwarze Dame steht aktiv auf a5, kontrolliert das
Feld c3 und den Bauern a3.} 23. Qb2 Qc3 24. Qxc3 Nxc3 25. Rac1 (25. Nd2 {
Strategisch wäre es logisch, den starken schwarzen Läufer abzutauschen.} Bxg2
26. Kxg2 Rad8 $17 {[%csl Gd8]}) 25... Na4 {[%csl Ga4,Gc6] Weiß hat Schwächen
am Damenflügel. Seine Bauern auf a3 und c4 sind isoliert.} 26. Re2 Rad8 {
[%cal Gd8d1]} 27. Ne1 Bxg2 28. Kxg2 (28. Nxg2 {[%cal Gg2f4,Gf4d5]} Rd3 $17 {
[%csl Ra3,Ga4,Gd3]}) 28... Re6 {[%cal Ge6a6,Ga6a3]} 29. f3 Rb6 {[%cal Gb6b1,
Gb3a3,Gb3e3]} 30. Rcc2 Rb3 {[%csl Ga4,Gb3,Gd8] Die schwarzen Figuren stehen
viel aktiver.} 31. e4 Nb6 (31... Rxa3 $6 32. Ra2 Rxa2 33. Rxa2 Nb6 34. Rxa7 $11
) (31... Nc3 $2 32. Re3 $18 {[%cal Re3c3,Rc2c3]}) 32. Rb2 Rc3 $5 (32... Rxa3
33. Nc2 Rc3 34. Ne3 {Weiß hat durch das Bauernopfer wieder etwas Aktivität
erlangt.}) 33. e5 Rd7 {Schwarz muß sich nicht beeilen, verbessert zunächst
seine Stellung. Er hat viel Zeit, den Bauern c4 zu nehmen.} (33... Rxc4 $17)
34. Rbd2 Rxd2 35. Rxd2 Nxc4 $17 {Schwarz hat einen Mehrbauern, entfaltet große
Aktivität und besitzt eine gefährliche Bauernmehrheit am Damenflügel.} 36. Rd8+
Kg7 37. Nd3 Rc2+ 38. Kh3 Rd2 {[%csl Rd3][%cal Gd2d8] Diese Fesselung ist für
Weiß tödlich.} 39. Rd7 Nb6 (39... Nxe5 $4 40. Nxe5 Rxd7 41. Nxd7 $16) 40. Rxb7
(40. Rd6 c4 41. Nc5 c3 $19) 40... Rxd3 41. e6 Kf6 42. exf7 (42. e7 Re3 $19)
42... Kg7 43. Rxa7 Rxf3 $19 {Schwarz hat eine klare Gewinnstellung.} 44. Rc7
Rxa3 45. Rxc5 Kxf7 46. Rc7+ Kg8 47. Kh4 Nd5 {und Weiß gab das klar verlorene
Endspiel auf.} 0-1